[Event "European Rapid 2014"]
[Site "Wroclaw POL"]
[Date "2014.12.20"]
[Round "3.27"]
[White "Sabuk, Piotr"]
[Black "Mastrovasilis, Dimitrios"]
[Result "1/2-1/2"]
[BlackTitle "GM"]
[WhiteElo "2347"]
[BlackElo "2608"]
[WhiteFideId "1137565"]
[BlackFideId "4202694"]
[EventDate "2014.12.20"]

1. d4 d5 2. c4 e6 3. Nf3 Nf6 4. g3 Be7 5. Bg2 O-O 6. O-O c6 7. Qc2 b6 8. Rd1 Bb7
9. Nc3 Nbd7 10. Bf4 dxc4 11. Nd2 Nd5 12. Nxc4 Nxf4 13. gxf4 Qc7 14. e3 Rac8 15.
Rac1 Rfd8 16. a3 Nf6 17. b4 Qb8 18. Ne5 Qa8 19. f5 exf5 20. Qxf5 g6 21. Qf3 Rc7
22. Ne4 Kg7 23. Nxf6 Bxf6 24. Nxc6 Rxc6 25. Rxc6 Bxc6 26. Qxc6 Qc8 27. Rc1 Qf5
28. Qf3 Rc8 29. Rxc8 Qxc8 30. Qc6 Qxc6 31. Bxc6 Be7 32. Kg2 a5 33. bxa5 bxa5 34.
a4 Bb4 35. Kf3 f6 36. Ke4 g5 37. f3 Kf7 38. Bd7 Be1 39. Kd5 Bf2 40. e4 Ke7 41.
Bg4 Be3 42. h3 Bf2 43. Bf5 h5 44. Bg6 h4 45. Bf5 Be3 46. Kc5 Bf2 47. Kb5 Be1 48.
Kc6 Bc3 49. Kc5 Bb4+ 50. Kc4 Kd6 51. Kd3 Be1 52. Ke3 Bg3 53. Bg4 Bf4+ 1/2-1/2

[Event "European Rapid 2014"]
[Site "Wroclaw POL"]
[Date "2014.12.20"]
[Round "3.28"]
[White "Mista, Aleksander"]
[Black "Brendel, Oliver"]
[Result "1/2-1/2"]
[WhiteTitle "GM"]
[BlackTitle "IM"]
[WhiteElo "2614"]
[BlackElo "2348"]
[WhiteFideId "1110381"]
[BlackFideId "4602048"]
[EventDate "2014.12.20"]

1. e4 c5 2. Nf3 g6 3. d4 cxd4 4. Nxd4 Nc6 5. Nc3 Bg7 6. Be3 Nf6 7. Bc4 O-O 8.
Bb3 d6 9. h3 Bd7 10. O-O Nxd4 11. Bxd4 Bc6 12. Re1 e5 13. Be3 Nxe4 14. Nd5 Nc5
15. c3 Nxb3 16. axb3 b6 17. Qd2 Qd7 18. Red1 Qb7 19. f3 f5 20. Bg5 Rf7 21. Qd3
Bxd5 22. Qxd5 Qxd5 23. Rxd5 Rd7 24. Rad1 h6 25. Bh4 g5 26. Bf2 Rad8 27. g4 fxg4
28. hxg4 Kf7 29. Kg2 Ke6 30. c4 Rf7 31. R5d3 Bf8 32. b4 Rc8 33. b3 b5 34. c5
dxc5 35. Ra1 Rc6 36. bxc5 Bxc5 37. Bxc5 Rxc5 38. Ra6+ Ke7 39. Rxa7+ Kf8 40. Ra5
e4 41. fxe4 Rf4 42. Rf3 Rxf3 43. Kxf3 Rc3+ 44. Kf2 Rxb3 45. Ra7 b4 46. Rb7 Rb1
47. Ke3 b3 48. Kd4 b2 49. Ke5 Kg8 50. Ke6 Re1 51. Rxb2 Rxe4+ 52. Kf5 Ra4 53. Rb6
Kg7 54. Rb7+ Kf8 55. Rb8+ Ke7 56. Rb7+ Kf8 57. Rb8+ Ke7 1/2-1/2

[Event "European Rapid 2014"]
[Site "Wroclaw POL"]
[Date "2014.12.20"]
[Round "3.29"]
[White "Janocha, Wieslaw"]
[Black "Guliyev, Namig"]
[Result "0-1"]
[WhiteTitle "FM"]
[BlackTitle "GM"]
[WhiteElo "2269"]
[BlackElo "2557"]
[WhiteFideId "1100548"]
[BlackFideId "13400363"]
[EventDate "2014.12.20"]

1. e4 c5 2. Nf3 d6 3. Bb5+ Nc6 4. O-O Bd7 5. c3 a6 6. Ba4 Nf6 7. Re1 b5 8. Bc2
Bg4 9. h3 Bxf3 10. Qxf3 Rc8 11. a4 Qb6 12. axb5 axb5 13. d3 g6 14. Be3 Bg7 15.
Nd2 O-O 16. Qe2 Nd7 17. Nf3 b4 18. Reb1 Ra8 19. Rxa8 Rxa8 20. Nd2 bxc3 21. bxc3
Qa5 22. Rb7 Rd8 23. Nb1 Bxc3 24. Nxc3 Qxc3 25. Qd1 Nde5 26. Bd2 Qa3 27. f4 Qa6
28. Qb1 Nd7 29. Rb2 Nd4 30. Ra2 Qc6 31. Ba4 Qc7 32. Be3 Rb8 33. Rb2 Ne2+ 34. Kf2
Nc3 35. Rxb8+ Nxb8 36. Qc2 Nxa4 37. Qxa4 Nc6 38. Qb5 Kg7 39. g4 f6 40. h4 Qc8
41. f5 Ne5 42. Kg3 h5 43. Bf4 Nxg4 44. fxg6 Ne5 45. Bxe5 fxe5 46. Kf2 Kxg6 47.
Qb3 Kg7 48. Qd1 Qg4 49. Qh1 Kf6 50. Ke3 Qf4+ 51. Ke2 e6 52. Kd1 Qf2 53. Kc1 Ke7
54. Qh3 c4 55. dxc4 Qe1+ 56. Kc2 Qxe4+ 57. Kc3 Qd4+ 58. Kb3 e4 59. Qg2 e3 60.
Qg5+ Kd7 61. Qb5+ Kc7 62. Qxh5 Qd3+ 63. Kb4 e2 64. Qa5+ Kd7 65. Qb5+ Ke7 66.
Qg5+ Kf7 67. Qh5+ Kg7 68. Qg4+ Kf8 69. Qxe6 Qb1+ 70. Ka4 e1=Q 71. Qxd6+ Kg7 72.
Qd4+ Kg6 73. Qg4+ Kh6 74. Qg5+ Kh7 75. Qh5+ Kg7 76. Qg4+ Qg6 77. Qd7+ Kg8 78.
Qd5+ Qee6 0-1

[Event "European Rapid 2014"]
[Site "Wroclaw POL"]
[Date "2014.12.20"]
[Round "3.30"]
[White "Moranda, Wojciech"]
[Black "Martinkus, Rolandas"]
[Result "1-0"]
[WhiteTitle "GM"]
[BlackTitle "FM"]
[WhiteElo "2591"]
[BlackElo "2140"]
[WhiteFideId "1122401"]
[BlackFideId "12800481"]
[EventDate "2014.12.20"]

1. d4 Nf6 2. c4 g6 3. Nc3 Bg7 4. e4 d6 5. f4 O-O 6. Nf3 Na6 7. Bd3 e5 8. fxe5
dxe5 9. d5 c6 10. O-O Qb6+ 11. Kh1 Ng4 12. Qe2 Nc5 13. Bc2 f5 14. exf5 gxf5 15.
h3 e4 16. Ng5 Ne5 17. Be3 Ned3 18. Bxd3 exd3 19. Qf2 1-0

[Event "European Rapid 2014"]
[Site "Wroclaw POL"]
[Date "2014.12.20"]
[Round "3.31"]
[White "Sudakova, Irina"]
[Black "Deviatkin, Andrei"]
[Result "0-1"]
[WhiteTitle "WGM"]
[BlackTitle "GM"]
[WhiteElo "2352"]
[BlackElo "2528"]
[WhiteFideId "4129903"]
[BlackFideId "4121260"]
[EventDate "2014.12.20"]

1. e4 c6 2. d4 d5 3. e5 Bf5 4. h4 h5 5. c4 e6 6. Nc3 Be7 7. Nf3 Bg4 8. cxd5 cxd5
9. Be2 Nc6 10. Be3 Nh6 11. Ng5 Nf5 12. Qd2 Nxe3 13. Qxe3 Qb6 14. Bb5 O-O 15.
Bxc6 bxc6 16. f3 Qxb2 17. O-O Bf5 18. Ne2 c5 19. Rad1 Qxa2 20. dxc5 d4 21. Rd2
dxe3 22. Rxa2 Bxc5 23. Ne4 Bxe4 24. fxe4 Rfd8 25. g3 Rd2 26. Rfa1 Rad8 27. Kf1
Rxa2 28. Rxa2 Rd1+ 29. Kg2 Rd2 0-1

[Event "European Rapid 2014"]
[Site "Wroclaw POL"]
[Date "2014.12.20"]
[Round "3.32"]
[White "Kempinski, Robert"]
[Black "Makovskis, Georgijs"]
[Result "1-0"]
[WhiteTitle "GM"]
[WhiteElo "2626"]
[BlackElo "2232"]
[WhiteFideId "1105663"]
[BlackFideId "11601132"]
[EventDate "2014.12.20"]

1. d4 Nf6 2. c4 g6 3. g3 c6 4. Nf3 d5 5. Bg2 Bg7 6. cxd5 cxd5 7. Ne5 O-O 8. Nc3
e6 9. O-O Bd7 10. Bf4 Nc6 11. Rc1 Rc8 12. Qd2 Re8 13. Bg5 a6 14. Bf3 Qc7 15. Qf4
Nxe5 16. dxe5 Nh5 17. Bxh5 Bxe5 18. Qh4 Qa5 19. Bf3 Rc4 20. g4 Rec8 21. Rcd1 Qb4
22. Bf6 Bxf6 23. Qxf6 Rf4 24. Qe5 f6 25. Qe3 Rcc4 26. Nxd5 exd5 27. Bxd5+ Kf8
28. Bxc4 Rxg4+ 29. Kh1 Qxc4 30. Rxd7 Qc6+ 31. f3 1-0

[Event "European Rapid 2014"]
[Site "Wroclaw POL"]
[Date "2014.12.20"]
[Round "3.33"]
[White "Neiksans, Arturs"]
[Black "Urankar, Hans-Peter"]
[Result "1-0"]
[WhiteTitle "GM"]
[WhiteElo "2559"]
[BlackElo "2238"]
[WhiteFideId "11601388"]
[BlackFideId "4608321"]
[EventDate "2014.12.20"]

1. e4 g6 2. d4 Bg7 3. Nc3 c6 4. Nf3 b5 5. Bd3 d6 6. h3 Bb7 7. e5 Nd7 8. exd6
exd6 9. O-O Ne7 10. Ne4 Nf5 11. Bf4 Nf6 12. Nxf6+ Bxf6 13. Bxf5 gxf5 14. Re1+
Kf8 15. Qd3 Qd7 16. Bh6+ Bg7 17. Qd2 f6 18. Nh4 Rg8 19. Re2 Re8 20. Rxe8+ Kxe8
21. Re1+ Kd8 22. Qf4 Bc8 23. Re3 Bh8 24. Qf3 Re8 25. Rxe8+ Kxe8 26. Kh2 Kd8 27.
Qg3 Qe6 28. b3 Bd7 29. Bf8 Kc7 30. c4 Kb7 31. Bxd6 bxc4 32. bxc4 Qxc4 33. Bb8
Qxd4 34. Qc7+ Ka6 35. Nf3 Qb6 36. Qxd7 Qxb8+ 37. g3 Kb5 38. Nd4+ Kc5 39. Nxc6
Qb2 40. Kg2 Qxa2 41. Ne7 a5 42. Qc8+ Kb5 43. Qxh8 Qe6 44. Qb8+ Ka4 45. Qc7 Kb5
46. Qb7+ Kc5 47. Qa7+ Kb5 48. Qb7+ Kc5 49. Qb2 a4 50. Qa3+ Kb5 51. Qb2+ Kc5 52.
Qc2+ Kb6 53. Nxf5 a3 54. Kh2 a2 55. Qb2+ Kc5 56. Ne3 1-0

[Event "European Rapid 2014"]
[Site "Wroclaw POL"]
[Date "2014.12.20"]
[Round "3.34"]
[White "Chigaev, Maksim"]
[Black "Egyed, Andras"]
[Result "1/2-1/2"]
[WhiteTitle "IM"]
[BlackTitle "FM"]
[WhiteElo "2494"]
[BlackElo "2238"]
[WhiteFideId "4108116"]
[BlackFideId "704105"]
[EventDate "2014.12.20"]

1. e4 e6 2. d3 f5 3. Nf3 Nf6 4. e5 Nd5 5. c4 Bb4+ 6. Bd2 Bxd2+ 7. Qxd2 Ne7 8.
Nc3 d5 9. d4 c6 10. b3 O-O 11. Be2 a6 12. a4 a5 13. O-O Na6 14. cxd5 Nxd5 15.
Nxd5 cxd5 16. Rac1 Nb4 17. Rc3 Bd7 18. Rfc1 Rc8 19. Rxc8 Bxc8 20. Qg5 Qxg5 21.
Nxg5 Nc6 22. Nf3 Bd7 23. Kf1 Rc8 24. Ke1 Kf8 25. Kd2 Ke7 26. h4 h6 27. g3 Nb4
28. Rxc8 Bxc8 29. Ne1 Bd7 30. h5 Be8 31. Ng2 Nc6 32. Kc3 Nb4 33. Nf4 Na2+ 34.
Kd2 Nb4 35. Bf1 Bd7 36. Bb5 Bc6 37. Kc3 Na2+ 38. Kc2 Nb4+ 39. Kd2 Bd7 40. Be2
Be8 41. g4 fxg4 42. Bxg4 Bf7 43. Be2 Kd7 44. Bb5+ Kc7 45. Kc3 Nc6 46. Be2 Nb4
47. Bg4 Kd7 48. Ng2 g5 49. hxg6 Bxg6 50. Nh4 Bf7 51. f4 Kc7 52. Bd1 Nc6 53. Kd3
Ne7 54. Bg4 Kd7 55. Ke3 b6 56. Bh3 Bh5 57. Kd2 Nc6 58. Kc3 Ne7 59. b4 Bd1 60.
bxa5 bxa5 1/2-1/2

[Event "European Rapid 2014"]
[Site "Wroclaw POL"]
[Date "2014.12.20"]
[Round "3.35"]
[White "Plat, Vojtech"]
[Black "Sotsky, Alexander"]
[Result "0-1"]
[WhiteTitle "IM"]
[BlackTitle "IM"]
[WhiteElo "2432"]
[BlackElo "2377"]
[WhiteFideId "325740"]
[BlackFideId "4130715"]
[EventDate "2014.12.20"]

1. b3 e6 2. Bb2 d5 3. e3 f5 4. c4 Nf6 5. cxd5 exd5 6. Nf3 Bd6 7. Nc3 c6 8. Be2
O-O 9. O-O Qe7 10. Nd4 Ne4 11. d3 Nxc3 12. Bxc3 f4 13. exf4 Bxf4 14. g3 Be5 15.
Bg4 Qf6 16. Bxc8 Rxc8 17. Qg4 Na6 18. Rae1 h5 19. Qh3 Bxd4 20. Re6 Bxc3 21. Rxf6
Bxf6 22. Qe6+ Kf8 23. Qf5 Re8 24. Qxh5 Kg8 25. Qg6 Re5 26. h4 Rf8 27. Qg4 Nc5
28. Qb4 b6 29. Qa3 Re2 30. Qxa7 Bd8 31. Qa8 Re6 32. Qa3 Nxd3 33. b4 Ne5 34. Kg2
Nc4 35. Qd3 b5 36. h5 Bb6 37. g4 Ref6 38. g5 Rf4 39. Qh3 Ne3+ 40. fxe3 Rxf1 41.
Qe6+ Kh8 42. h6 R1f2+ 43. Kh3 R2f3+ 44. Kg4 Bxe3 45. Qe5 R8f7 46. Kh5 Bxg5 47.
hxg7+ Kh7 48. Qxg5 Rh3+ 49. Kg4 Rxg7 0-1

[Event "European Rapid 2014"]
[Site "Wroclaw POL"]
[Date "2014.12.20"]
[Round "3.36"]
[White "Dragun, Kamil"]
[Black "Roesemann, Rainer"]
[Result "1-0"]
[WhiteTitle "GM"]
[BlackTitle "FM"]
[WhiteElo "2547"]
[BlackElo "2233"]
[WhiteFideId "1134167"]
[BlackFideId "4610296"]
[EventDate "2014.12.20"]

1. d4 Nf6 2. c4 c5 3. d5 b5 4. cxb5 a6 5. e3 axb5 6. Bxb5 Qa5+ 7. Nc3 Bb7 8. Bd2
Qb6 9. Nf3 Nxd5 10. Nxd5 Bxd5 11. a4 e6 12. O-O Be7 13. Qe2 Bc6 14. Ne5 Bf6 15.
Nc4 Qc7 16. e4 O-O 17. e5 Be7 18. Bc3 Qb7 19. Bxc6 Nxc6 20. Rfd1 f6 21. a5 fxe5
22. Nxe5 Nxe5 23. Bxe5 Bf6 24. Bxf6 Rxf6 25. Rd6 Raf8 26. f3 Ra8 27. a6 Qc7 28.
Rad1 Rf7 29. Qb5 Ra7 30. Rb6 Qe5 31. Rb7 Ra8 32. Rbxd7 Rxd7 33. Qxd7 h6 34. Qb7
Rb8 35. Qe4 Qxe4 36. fxe4 Ra8 37. Ra1 Ra7 38. Kf2 Kf7 39. Ke3 Ke7 40. Kd3 Kd6
41. Kc4 Kc6 42. e5 Kb6 43. g3 Kc6 44. Rd1 1-0

[Event "European Rapid 2014"]
[Site "Wroclaw POL"]
[Date "2014.12.20"]
[Round "3.37"]
[White "Bortnyk, Olexandr"]
[Black "Frick, Christoph"]
[Result "1-0"]
[WhiteTitle "IM"]
[WhiteElo "2533"]
[BlackElo "2229"]
[WhiteFideId "14120828"]
[BlackFideId "4607090"]
[EventDate "2014.12.20"]

1. e4 c6 2. d4 d5 3. Nc3 dxe4 4. Nxe4 Nf6 5. Nxf6+ exf6 6. Be3 Qb6 7. Rb1 Qa5+
8. c3 Qxa2 9. Bd3 Be6 10. Ne2 Bd6 11. O-O O-O 12. Qc2 g6 13. c4 Qa5 14. c5 Be7
15. Nf4 Bd5 16. Nxd5 cxd5 17. Qb3 Nc6 18. Qxb7 Rac8 19. b4 Qa3 20. Bb5 1-0

[Event "European Rapid 2014"]
[Site "Wroclaw POL"]
[Date "2014.12.20"]
[Round "3.38"]
[White "Dobrowolski, Aleksander"]
[Black "Shimanov, Aleksandr"]
[Result "0-1"]
[BlackTitle "GM"]
[WhiteElo "2274"]
[BlackElo "2591"]
[WhiteFideId "1112040"]
[BlackFideId "4198603"]
[EventDate "2014.12.20"]

1. e4 c6 2. d4 d5 3. Nd2 dxe4 4. Nxe4 Bf5 5. Ng3 Bg6 6. h4 h6 7. Nf3 Nd7 8. h5
Bh7 9. Bd3 Bxd3 10. Qxd3 e6 11. Bd2 a5 12. O-O-O Bb4 13. c3 Be7 14. Ne4 Ngf6 15.
Nxf6+ Nxf6 16. Ne5 Qd5 17. c4 Qe4 18. Qxe4 Nxe4 19. Be3 a4 20. g4 Nd6 21. f4 Bf6
22. c5 Bxe5 23. dxe5 Nb5 24. f5 a3 25. fxe6 fxe6 26. g5 hxg5 27. Bxg5 O-O 28. h6
axb2+ 29. Kxb2 Rf2+ 30. Rd2 Rxd2+ 31. Bxd2 Rd8 32. Bg5 Rd5 33. hxg7 Kxg7 34.
Bf6+ Kg6 35. Rg1+ Kf5 36. Rg7 Rd2+ 37. Kb3 Ke4 38. Rxb7 Nd4+ 39. Ka3 Kd5 40. Rb2
Nb5+ 41. Kb3 Rd3+ 42. Kb4 Rd4+ 43. Ka5 Na3 44. Rb8 Nc4+ 45. Ka6 Kxc5 46. a4 Rd5
47. a5 Rd7 48. Rb1 0-1

[Event "European Rapid 2014"]
[Site "Wroclaw POL"]
[Date "2014.12.20"]
[Round "3.39"]
[White "Popov, Valerij"]
[Black "Paprocki, Jaroslaw"]
[Result "1-0"]
[WhiteTitle "GM"]
[WhiteElo "2555"]
[BlackElo "2186"]
[WhiteFideId "4119410"]
[BlackFideId "1122274"]
[EventDate "2014.12.20"]

1. d4 Nf6 2. c4 e6 3. Nc3 Bb4 4. Qc2 c5 5. dxc5 Bxc5 6. Bf4 O-O 7. Rd1 Nc6 8. e3
b6 9. Nf3 Re8 10. Be2 Bb7 11. O-O Rc8 12. a3 a6 13. Rd2 Be7 14. Rfd1 Na5 15. Ne5
d6 16. b4 Qc7 17. bxa5 dxe5 18. axb6 Qc6 19. Bf3 e4 20. Be2 Qxb6 21. Bd6 Qa5 22.
Qb2 Bc6 23. Qb4 Bd8 24. h3 Bc7 25. c5 Nd5 26. Nxd5 Bxd5 27. Qxa5 Bxa5 28. Rb2
Rc6 29. Rdb1 h6 30. Rb7 Rcc8 31. Ra7 Bc3 32. Rxa6 Kh7 33. a4 Ra8 34. Rbb6 Ba5
35. Rxa8 Rxa8 36. Ra6 Bb4 37. Rxa8 Bxa8 38. Kf1 Kg6 39. Bb5 Kf6 40. Ke2 Bd5 41.
Kd1 g5 42. g4 Kg6 43. Be8 h5 44. a5 Bxa5 45. gxh5+ Kxh5 46. c6 Kh4 47. c7 Bxc7
48. Bxc7 f5 49. Bd8 Kxh3 50. Bxg5 Kg4 51. Bf6 f4 52. exf4 Kxf4 53. Bd4 Kg4 54.
Kd2 Kf3 55. Be3 Kg4 56. Kc3 Kf5 57. Kd4 Bb7 58. Ba4 Kg4 59. Bd1+ Kf5 60. Bc2 e5+
61. Kc5 Ba6 62. Kd6 Bd3 63. Bd1 Bb1 64. Bc1 Bd3 65. Be3 Bb1 66. Ke7 Ba2 67. Kf8
Kf6 68. Bg4 Bc4 69. Ke8 Bb5+ 70. Kd8 Ba4 71. Kc7 Ke7 72. Bg5+ Kf7 73. Bf5 Bc2
74. Kd6 Bd3 75. Kxe5 Bc2 76. Bxe4 Bd1 77. f4 Kg7 78. f5 Kg8 79. Bd5+ Kg7 80. f6+ 1-0

[Event "European Rapid 2014"]
[Site "Wroclaw POL"]
[Date "2014.12.20"]
[Round "3.40"]
[White "Borsos, Bogdan"]
[Black "Belous, Vladimir"]
[Result "0-1"]
[WhiteTitle "IM"]
[BlackTitle "GM"]
[WhiteElo "2230"]
[BlackElo "2578"]
[WhiteFideId "14100568"]
[BlackFideId "4174003"]
[EventDate "2014.12.20"]

1. Nf3 Nf6 2. c4 g6 3. g3 Bg7 4. Bg2 O-O 5. O-O d5 6. cxd5 Nxd5 7. Nc3 Nb6 8. d3
Nc6 9. Bg5 h6 10. Bd2 Kh7 11. a3 e5 12. b4 Nd4 13. Ne1 c6 14. Rb1 Bg4 15. h3 Be6
16. e3 Nf5 17. Ne4 Ba2 18. Rc1 Bd5 19. Bc3 Qe7 20. Qc2 Rad8 21. a4 Nd6 22. a5
Na8 23. Nxd6 Qxd6 24. e4 Be6 25. f4 Nc7 26. Qb2 Nb5 27. Bxe5 Bxe5 28. fxe5 Qd4+
29. Rf2 a6 30. Qxd4 Rxd4 31. Rb2 Rfd8 32. Bf1 Kg7 33. Nf3 Rxd3 34. Bxd3 Rxd3 35.
Kf2 Nc3 36. Rxc3 Rxc3 37. g4 Kf8 38. Rd2 Rb3 39. Rd4 Ke7 40. Kg3 Rc3 41. h4 Bd7
42. Kf4 Rc1 43. Rd6 Rc4 44. Rd4 Rc2 45. Rd2 Rc3 46. g5 h5 47. Nd4 Rh3 48. e6
Bxe6 49. Ke5 Bc8 50. Rf2 Rxh4 51. Nb3 Rg4 52. Nc5 Rxg5+ 53. Kd4 h4 54. e5 Rg4+
55. Kc3 h3 0-1

[Event "European Rapid 2014"]
[Site "Wroclaw POL"]
[Date "2014.12.20"]
[Round "3.41"]
[White "Bartel, Marta"]
[Black "Aleksandrov, Aleksej"]
[Result "0-1"]
[WhiteTitle "WGM"]
[BlackTitle "GM"]
[WhiteElo "2366"]
[BlackElo "2593"]
[WhiteFideId "1123009"]
[BlackFideId "13500139"]
[EventDate "2014.12.20"]

1. d4 d5 2. Nf3 Nf6 3. c4 e6 4. Nc3 Bb4 5. Bg5 Nbd7 6. cxd5 exd5 7. Qc2 c5 8. g3
h6 9. Bf4 Ne4 10. Bg2 Ndf6 11. O-O O-O 12. dxc5 Nxc3 13. bxc3 Bxc5 14. Rad1 Qe7
15. Nd4 Rd8 16. Nf5 Qe6 17. Nd4 Qa6 18. Nb3 Be7 19. Bc7 Re8 20. Be5 Bg4 21. Rfe1
Rac8 22. Rd4 Bh5 23. Bxd5 Nxd5 24. Rxd5 Bf8 25. Nd4 Bg6 26. Qb3 b6 27. Bf4 Qb7
28. Nf5 Rxc3 29. Qxc3 Qxd5 30. Ne3 Qxa2 31. Ra1 Qxe2 32. Rxa7 Be4 33. Qb3 Qh5
34. g4 Qg6 35. h4 Bc5 36. Qb5 Rd8 37. Qe2 Re8 38. Kh2 Bc6 39. Kg3 Qe4 40. Rc7
Qxf4+ 41. Kxf4 Bd6+ 42. Kf5 Be4# 0-1

[Event "European Rapid 2014"]
[Site "Wroclaw POL"]
[Date "2014.12.20"]
[Round "3.42"]
[White "Jancovic, Peter"]
[Black "Heberla, Bartlomiej"]
[Result "1/2-1/2"]
[BlackTitle "GM"]
[WhiteElo "2171"]
[BlackElo "2561"]
[WhiteFideId "14913321"]
[BlackFideId "1115120"]
[EventDate "2014.12.20"]

1. d4 g6 2. e4 Bg7 3. Nf3 c5 4. c3 cxd4 5. cxd4 d5 6. e5 Bg4 7. Be2 Nc6 8. Nc3
Nh6 9. h3 Bxf3 10. Bxf3 e6 11. g4 O-O 12. O-O f6 13. Re1 fxe5 14. dxe5 Nf7 15.
Bg2 Bxe5 16. f4 Bd4+ 17. Kh1 Qd7 18. Qa4 Nd6 19. Rd1 Qg7 20. Nxd5 e5 21. fxe5
Qxe5 22. Bf4 Rxf4 23. Nxf4 Ne4 24. Bxe4 Qxe4+ 25. Ng2 Kh8 26. Rf1 1/2-1/2

[Event "European Rapid 2014"]
[Site "Wroclaw POL"]
[Date "2014.12.20"]
[Round "3.43"]
[White "Zakrzewski, Marek"]
[Black "Piorun, Kacper"]
[Result "0-1"]
[BlackTitle "GM"]
[WhiteElo "2152"]
[BlackElo "2517"]
[WhiteFideId "1170694"]
[BlackFideId "1130420"]
[EventDate "2014.12.20"]

1. e4 c5 2. Nf3 e6 3. d4 cxd4 4. Nxd4 Nc6 5. Nc3 Qc7 6. Be3 Nf6 7. Bd3 Nxd4 8.
Bxd4 Bc5 9. Bxc5 Qxc5 10. O-O e5 11. Kh1 O-O 12. Qe1 d6 13. f4 Bd7 14. Rd1 Bc6
15. Qh4 Rfe8 16. fxe5 Rxe5 17. Rxf6 gxf6 18. Nd5 Bxd5 19. exd5 Qe3 20. Qxh7+ Kf8
21. Rf1 Ke7 22. Qh4 Qg5 23. Qb4 b6 24. Qc3 Kf8 25. Qc6 Rae8 26. Qxd6+ Kg7 27.
Qb4 Rxd5 28. h3 Qg3 29. Qc3 Rde5 30. Qc7 Rh8 31. Qd7 Rg5 32. Be4 Rg4 33. Qd4
Rxh3+ 34. Kg1 Qh2+ 35. Kf2 Qf4+ 36. Kg1 Rxg2+ 0-1

[Event "European Rapid 2014"]
[Site "Wroclaw POL"]
[Date "2014.12.20"]
[Round "3.44"]
[White "Tomczak, Jacek"]
[Black "Gajic, Mladen"]
[Result "1-0"]
[WhiteTitle "GM"]
[WhiteElo "2561"]
[BlackElo "2210"]
[WhiteFideId "1124668"]
[BlackFideId "1709178"]
[EventDate "2014.12.20"]

1. e4 Nf6 2. e5 Nd5 3. d4 d6 4. c4 Nb6 5. exd6 cxd6 6. Nc3 g6 7. Be3 Bg7 8. Rc1
O-O 9. Be2 d5 10. b3 dxc4 11. bxc4 Nc6 12. d5 Ne5 13. Bd4 e6 14. f4 Ned7 15.
Bxg7 Kxg7 16. d6 e5 17. Nf3 Qf6 18. O-O Qxf4 19. Nb5 Nc5 20. Kh1 Be6 21. Nfd4
Qg5 22. Nf3 Qf4 23. Rc2 Kg8 24. Qa1 Bf5 25. Nxe5 Qg5 26. Rcc1 Be4 27. Nf3 Bxf3
28. Bxf3 a6 29. Nc7 Rad8 30. Rfd1 Rd7 31. Qb2 Nba4 32. Qa1 Ne6 33. Nd5 f6 34.
Rc2 Kg7 35. Nc3 Nac5 36. Rd5 Qf4 37. Ne2 Qe3 38. Rc3 Qf2 39. Rc2 Qe3 40. Ng3 Nf4
41. Rdd2 Ncd3 42. Ne4 b6 43. Qg1 Qxg1+ 44. Kxg1 f5 45. Nf2 Nxf2 46. Kxf2 Rfd8
47. c5 bxc5 48. Rxc5 Rxd6 49. Rc7+ Kh6 50. Rxd6 Rxd6 51. g3 Nh3+ 52. Ke3 Ng5 53.
Rc6 Nf7 54. Rxd6 Nxd6 55. Kd4 Kg5 56. Kc5 Ne4+ 57. Kb6 h5 58. a4 Nxg3 59. hxg3
f4 60. gxf4+ Kxf4 61. Bc6 g5 62. Kxa6 g4 63. Kb5 h4 64. a5 h3 65. Bd7 h2 66. Bc6
g3 67. a6 Ke3 68. a7 1-0

[Event "European Rapid 2014"]
[Site "Wroclaw POL"]
[Date "2014.12.20"]
[Round "3.45"]
[White "Marczuk, Dominik"]
[Black "Sivuk, Vitaly"]
[Result "1/2-1/2"]
[BlackTitle "IM"]
[WhiteElo "2216"]
[BlackElo "2501"]
[WhiteFideId "1111264"]
[BlackFideId "14116502"]
[EventDate "2014.12.20"]

1. e4 c6 2. Nc3 d5 3. Nf3 Bg4 4. h3 Bh5 5. exd5 cxd5 6. Bb5+ Nc6 7. g4 Bg6 8.
Ne5 Rc8 9. d4 e6 10. h4 f6 11. Nxg6 hxg6 12. Qd3 Kf7 13. Be3 a6 14. Bxc6 Rxc6
15. O-O-O Bb4 16. Ne2 Ne7 17. Kb1 Qa5 18. f4 Qb5 19. Qxb5 axb5 20. Rd3 Bd6 21.
a3 Ra8 22. c3 Rcc8 23. Nc1 Rh8 24. Rdd1 Nc6 25. Nb3 Rh7 26. Rh3 Rah8 27. Rdh1
Ke7 28. Kc2 b6 29. Kb1 Na5 30. Nxa5 bxa5 31. b4 Kd7 32. Kb2 Re8 33. Rd1 Kc6 34.
Kb3 Rhh8 35. Kb2 Rhf8 36. h5 gxh5 37. Rxh5 a4 38. Rh7 Rf7 39. Kc2 Kd7 40. Rf1
Rc8 41. Kd3 Bf8 42. Bd2 Ke8 43. Rh3 Rfc7 44. Re1 Kf7 45. Rhe3 Rc6 46. Rh3 Bd6
47. Re2 Re8 48. Rf2 Rcc8 49. Be3 Rh8 50. Rfh2 Rxh3 51. Rxh3 e5 52. fxe5 fxe5 53.
dxe5 Bxe5 54. Bd2 Rc4 55. g5 Rg4 56. Rf3+ Ke6 57. Be3 g6 58. Rf8 Rg3 59. Re8+
Kf5 60. Kd2 Rg2+ 61. Kd3 Ra2 62. Rd8 Rxa3 63. Bd4 Bxd4 64. Kxd4 Kxg5 65. Rxd5+
Kf4 66. Rxb5 Ra1 67. Ra5 a3 68. b5 g5 69. b6 g4 70. b7 Rb1 71. Rxa3 Rxb7 72. c4
g3 73. Ra1 Rd7+ 74. Kc5 g2 75. Kb6 Rg7 76. Rg1 Rg6+ 77. Kb5 Ke3 78. c5 Kf2 79.
Rxg2+ Kxg2 80. c6 Kf3 81. c7 Rg8 82. Kb6 Ke4 83. Kb7 Kd5 84. c8=Q Rxc8 85. Kxc8 1/2-1/2

[Event "European Rapid 2014"]
[Site "Wroclaw POL"]
[Date "2014.12.20"]
[Round "3.46"]
[White "Zapolski, Krzysztof"]
[Black "Kulaots, Kaido"]
[Result "1/2-1/2"]
[BlackTitle "GM"]
[WhiteElo "2214"]
[BlackElo "2563"]
[WhiteFideId "1126733"]
[BlackFideId "4500261"]
[EventDate "2014.12.20"]

1. e4 c5 2. Nf3 e6 3. g3 Nc6 4. Bg2 Nf6 5. d3 Be7 6. O-O O-O 7. Nbd2 d6 8. Re1
Rb8 9. a4 b6 10. b3 Bb7 11. Bb2 d5 12. exd5 Nxd5 13. Nc4 Qc7 14. Nfe5 Nd4 15. f4
Rbd8 16. Nf3 Bf6 17. Nce5 Ne7 18. Nxd4 cxd4 19. Ba3 Bxg2 20. Kxg2 Rfe8 21. Bxe7
Bxe7 22. Nc4 Bb4 23. Rf1 a6 24. Rf2 Rd5 25. Qf3 b5 26. axb5 axb5 27. Re2 Rc5 28.
Ra8 Rxa8 29. Qxa8+ Qc8 30. Qxc8+ Rxc8 31. Ne5 Bc3 32. Nf3 b4 33. Ne5 f6 34. Nc4
Rc6 35. g4 g6 36. Kf3 Kf7 37. g5 Ra6 38. gxf6 Kxf6 39. Ke4 Ra1 40. Ne5 Rf1 41.
Nf3 Bb2 42. Nxd4 Bxd4 43. Kxd4 Rxf4+ 44. Kc5 g5 45. d4 h5 46. Kxb4 e5 47. Kc5
exd4 48. b4 g4 49. b5 Rf5+ 50. Kc6 Rf3 51. b6 d3 52. cxd3 Rxd3 53. Rc2 Rb3 54.
Rc5 h4 55. b7 g3 56. hxg3 hxg3 57. Kc7 g2 58. Rc1 Kf5 59. Rg1 Rc3+ 60. Kd8 Rb3
61. Kc8 Rc3+ 62. Kd7 Rb3 63. Kc8 Rc3+ 64. Kb8 Rc2 65. Rb1 Kf4 66. Ka7 Rc7 67.
Rg1 Kf3 68. Ka8 Rxb7 69. Kxb7 Kf2 70. Rxg2+ Kxg2 1/2-1/2

[Event "European Rapid 2014"]
[Site "Wroclaw POL"]
[Date "2014.12.20"]
[Round "3.47"]
[White "Stopa, Jacek"]
[Black "Krainski, Aleksander"]
[Result "1-0"]
[WhiteTitle "IM"]
[BlackTitle "FM"]
[WhiteElo "2521"]
[BlackElo "2207"]
[WhiteFideId "1119591"]
[BlackFideId "1102400"]
[EventDate "2014.12.20"]

1. d4 d5 2. c4 e6 3. Nc3 Nf6 4. Nf3 Be7 5. Qc2 O-O 6. Bg5 c5 7. dxc5 Qa5 8. cxd5
exd5 9. e3 Qxc5 10. Rd1 Nc6 11. a3 Bg4 12. b4 Nxb4 13. axb4 Qxb4 14. Rd4 Qa5 15.
Ra4 Qc7 16. Bd3 Bxf3 17. gxf3 Rfc8 18. Kd2 a6 19. Qb3 b5 20. Rf4 Qa5 21. Rg1 Rc6
22. Bf5 Rd8 23. Rc1 d4 24. exd4 Ne4+ 25. Rxe4 Bxg5+ 26. f4 Bf6 27. Bd7 Rd6 28.
Re8+ Rxe8 29. Bxe8 Re6 30. Bxf7+ Kxf7 31. f5 Bg5+ 32. Kc2 Bxc1 33. fxe6+ Ke8 1-0